000 00534nam a2200181Ia 4500
008 151018s9999 xx 000 0 und d
082 _bRBASDV37728
_a110
100 _aप्रदीप दातार
245 _aव्रतस्थ
250 _b1
260 _bप्रतिभा दातार
_c1999
300 _a233
600 _aप्रदीप दातार
630 _aव्रतस्थ
700 _aप्रदीप दातार
730 _aव्रतस्थ
942 _cBOOK
999 _c1037143
_d1037140